Southville International School and Colleges
Your cart is empty.
  • Cart
  • Lists
    Public lists Eva Luna New books Lux_list list_1
    Your lists Log in to create your own lists
  • Log in to your account
  • Your cookies
  • Search history
Southville International School and Colleges
  • Advanced search
  • Recent comments
  • Most popular
  • Libraries

Log in to your account

Log in with GOOGLE


If you do not have an external account, but do have a local account, you can still log in:

  1. Home
  2. MARC view: Keltner's psychiatric nursing /
Normal view MARC view ISBD view

Keltner's psychiatric nursing / (Record no. 283688)

[ view plain ]
MARC details
000 -LEADER
fixed length control field 00955pam a22002774a 4500
003 - CONTROL NUMBER IDENTIFIER
control field PILC
005 - DATE AND TIME OF LATEST TRANSACTION
control field 20150303085629.0
008 - FIXED-LENGTH DATA ELEMENTS--GENERAL INFORMATION
fixed length control field 070627s2007 si a b 001 0 eng
010 ## - LIBRARY OF CONGRESS CONTROL NUMBER
LC control number 2007277292
020 ## - INTERNATIONAL STANDARD BOOK NUMBER
International Standard Book Number 9789812729576
050 00 - LIBRARY OF CONGRESS CALL NUMBER
Classification number RC 440
Item number .K44 2012
100 1# - MAIN ENTRY--PERSONAL NAME
Personal name Keltner, Norman L.
245 10 - TITLE STATEMENT
Title Keltner's psychiatric nursing /
Statement of responsibility, etc Norman L. Keltner, Carol E. Bostrom, Teena M. McGuinness ; editor of the Philippine ed., Nenita Davadilla.
250 ## - EDITION STATEMENT
Remainder of edition statement Philippine ed., adapted ed.
260 ## - PUBLICATION, DISTRIBUTION, ETC. (IMPRINT)
Place of publication, distribution, etc Singapore :
Name of publisher, distributor, etc Elsevier,
Date of publication, distribution, etc c2012.
300 ## - PHYSICAL DESCRIPTION
Extent xix, 540 pages :
Other physical details illustrations ;
Dimensions 28 cm.
500 ## - GENERAL NOTE
General note Originally published: [S. l.] : Mosby/Elsevier, 1991.
521 ## - TARGET AUDIENCE NOTE
Target audience note Nursing
650 #0 - SUBJECT ADDED ENTRY--TOPICAL TERM
Topical term or geographic name as entry element Psychiatric nursing
Geographic subdivision Philippines.
650 #0 - SUBJECT ADDED ENTRY--TOPICAL TERM
Topical term or geographic name as entry element Psychotherapy
Geographic subdivision Philippines.
650 #0 - SUBJECT ADDED ENTRY--TOPICAL TERM
Topical term or geographic name as entry element Nurse and patient
Geographic subdivision Philippines.
700 1# - ADDED ENTRY--PERSONAL NAME
Personal name Bostrom, Carol E.
700 1# - ADDED ENTRY--PERSONAL NAME
Personal name McGuinness, Teena M.
700 1# - ADDED ENTRY--PERSONAL NAME
Personal name Davadilla, Nenita Y.
942 ## - ADDED ENTRY ELEMENTS (KOHA)
Source of classification or shelving scheme Library of Congress Classification
Koha item type Books
Holdings
Withdrawn status Lost status Source of classification or shelving scheme Damaged status Home library Current library Shelving location Date acquired Source of acquisition Total Checkouts Full call number Barcode Date last seen Date checked out Price effective from Koha item type
    Library of Congress Classification   College Library College Library Filipiniana Section 03/03/2015 Library Fund 1 RC 440 .K44 2012 C19093 05/08/2018 12/11/2016 03/03/2015 Books

Keltner's psychiatric nursing /

APA

Keltner N. L., Bostrom C. E., McGuinness T. M. & Davadilla N. Y. (2012). Keltner's psychiatric nursing. Singapore: Elsevier.

Chicago

Keltner Norman L, Bostrom Carol E, McGuinness Teena M and Davadilla Nenita Y. 2012. Keltner's psychiatric nursing. Singapore: Elsevier.

Harvard

Keltner N. L., Bostrom C. E., McGuinness T. M. and Davadilla N. Y. (2012). Keltner's psychiatric nursing. Singapore: Elsevier.

MLA

Keltner Norman L, Bostrom Carol E, McGuinness Teena M and Davadilla Nenita Y. Keltner's psychiatric nursing. Singapore: Elsevier. 2012.

  • Place hold
  • Print
  • Cite
  • Add to your cart (remove)
  • Save record
    BIBTEX Dublin Core MARCXML MARC (non-Unicode/MARC-8) MARC (Unicode/UTF-8) MARC (Unicode/UTF-8, Standard) MODS (XML) RIS
  • More searches
    Search for this title in:
    Other Libraries (WorldCat) Other Databases (Google Scholar) Online Stores (Bookfinder.com) Open Library (openlibrary.org)

Exporting to Dublin Core...

SOUTHVILLE LIBRARY

Southville International School and Colleges Library

1281 Tropical Ave. Cor. Luxembourg St., BF Homes International, Las Pinas City

Tel. No. 8256374 / 252358 Loc. 117/146

Powered by Koha